Statistiques concernant 10 questions sur une ville française #8 : LE MANS

Cliquez ici pour prendre le quiz!

Statistiques générales

  • Ce quiz a été pris 251 fois
  • Le résultat moyen est 6 sur 10

Statistiques - réponses

QuestionRéponse% Correct
Quelle course automobile mancelle compte parmi les courses de la Triple couronne ?Les 24 Heures du Mans
95%
Quelle ville de la région du Mans est réputée pour ses poulets ?Loué
84%
Quel préparation tourangelle a-t-elle été popularisée par la ville du Mans ?Les rillettes
79%
Quel tennisman manceau a été finaliste en double aux Jeux Olympiques de 2012 ?Jo-Wilfried Tsonga
76%
Combien Le Mans compte-t-elle d'habitants ? (à 10 000 près)143 325
74%
Quelle est sa superficie ? (à 10 km² près)52,81 km²
62%
Comment se nomment les animations projetées pendant une nuit sur la cathédrale du Mans ?Les chimères
62%
Quel classement occupe-t-elle en termes d'habitants en France ?22ème
61%
Après quelle grande ville Le Mans a-t-elle été élue en 2003 "Deuxième ville la plus verte de France" ?Nantes
36%
Quelle ville a-t-elle été jumelée culturellement au Mans par le biais de recherches archéologiques ?Alexandrie
5%

Distribution des résultats

Percentile par nombre de réponses

% des personnes avec chaque résultat

Votre développement - résultats

Vous n’avez pas pris ce quiz